000 00644nam a2200169 a 4500
001 000026675
005 20200930030339.0
008 110324s1939 dr ab 000 | spa d
040 _aDO-SdBNP
_bspa
_cBNPHU
100 1 _aIncháustegui, J. Marino
_953795
245 1 0 _aGeografía e historia de la República Dominicana /
_cJ. Marino Incháustegui.
260 _aSantiago, República Dominicana :
_bEl Diario,
_c1939.
300 _a187 p. :
_bil., map. ;
_c24 cm.
500 _aAdaptado al programa oficial de enseñanza de las escuelas dominicanas del primero al tercer grado.
500 _aIncluye notas al pie de las páginas.
049 _aBNPD
999 _c26167
_d26167